Dějiny zemí Koruny české 1 od příchodu Slovanů do roku 1740

Bibliographic Details
Format: Book
Language:Czech
PhysicalDescription:315 s.
Published: Praha Paseka 1993
ISBN:8085192594
Edition:2. opr. a dopl. vyd.
Subjects:

MARC

LEADER 00000nam a2200000 a 4500
001 vtls008166767
003 SK-MaSNL
005 20260302074034.0
008 050411s1993 xr 000 0 cze
020 |a 8085192594 
035 |a SPKKN3217 
040 |a SNK  |b slo  |c SNK  |e AACR2 
041 |a cze 
044 |a CZ 
080 |a 943.71(075)  |2 1981 
245 0 0 |a Dějiny zemí Koruny české 1  |b od příchodu Slovanů do roku 1740 
250 |a 2. opr. a dopl. vyd. 
260 |a Praha  |b Paseka  |c 1993 
300 |a 315 s. 
650 0 7 |a pravek  |2 spk  |9 4261 
650 0 7 |a stredovek  |2 spk  |9 4259 
650 0 7 |a novovek  |2 spk  |9 4260 
651 7 |a Česko  |x dejiny  |2 spk  |9 58420 
655 7 |a učebnice  |2 snk  |9 22521 
919 |a 80-85192-59-4 
999 |c 1163375  |d 1165305 
952 |a SNK  |b SNK  |y PREZ  |7 0  |p 17A1010697  |o snkSC 84582/1/  |0 0  |1 0  |4 0  |d 2012-08-24  |l 0  |r 2025-08-22 00:00:00  |w 2026-02-24 
952 |t P60, <04>, [BOOK], {604}  |a SNK  |b SNK  |y VYP  |7 0  |p 17A0227270  |o snkSC 84582/1/D1  |0 0  |1 0  |4 0  |d 2000-02-07  |l 0  |r 2005-01-01 00:00:00  |w 2026-02-24 
952 |t P60, <04>, [BOOK], {604}  |a SNK  |b SNK  |y VYP  |7 0  |p 17A0254388  |o snkSC 84582/1 D2  |0 0  |1 0  |4 0  |d 2000-10-09  |l 0  |r 2005-01-01 00:00:00  |w 2026-02-24